| 000 | 005730000a22002170004500 | ||
|---|---|---|---|
| 003 | LK-CoMWRAF | ||
| 005 | 20230928221248.0 | ||
| 008 | 230817t ||||| |||| 00| 0 eng d | ||
| 020 | _a041509366X | ||
| 040 |
_aLK-CoMWRAF _dLK-CoMWRAF _eLK-CoMWRAF |
||
| 041 | _aeng | ||
| 082 |
_a297.197 _bAHM |
||
| 245 | _aIslam, globalization and postmodernity | ||
| 260 |
_aLondon : _bRoutledge, _c1994 |
||
| 300 | _a xiv, 242 p. ; 24 cm. | ||
| 650 | _aIslam | ||
| 650 | _aIslam--20th century | ||
| 700 |
_aAhmed, Akber S. _eed. |
||
| 700 |
_aDonnan, Hastings _eed. |
||
| 942 | _cBK | ||
| 999 |
_c3104 _d3104 |
||